Statystyki dla Piłkarska kariera - Martin Ødegaard

Kliknij tutaj aby rozwiązać quiz!

Ogólne statystyki

  • Ten quiz został rozwiązany 50 razy
  • Średni wynik to 10 z 13

Statystyki odpowiedzi

Kraj klubuRokKlub% Poprawnych
Anglia2021-Arsenal
100%
Anglia2021Arsenal
100%
Hiszpania2017Real Madryt
100%
Hiszpania2018Real Madryt
100%
Hiszpania2019Real Madryt
100%
Hiszpania2020-2021Real Madryt
100%
Hiszpania2021Real Madryt
100%
Hiszpania2015-2017Real Madryt Kastylia
100%
Hiszpania2019-2020Real Sociedad
76%
Holandia2018-2019Vitesse
34%
Holandia2017-2018Heerenveen
24%
Norwegia2014Godset II
12%
Norwegia2014-2015Strømsgodset
12%

Rozkład punktacji

Percentyl według liczby udzielonych odpowiedzi

Procent ludzi z każdym wynikiem

Twoja historia wyników

Nie rozwiązałeś tego quizu